[Event "Deutsche Ländermeisterschaft 2016"]
[Site "Hannover GER"]
[Date "2016.10.03"]
[Round "5"]
[White "Urban, Lars"]
[Black "Carow, Johannes"]
[Result "1/2-1/2"]
[Termination "normal"]
[Board "4.1"]
[BlackTitle "FM"]
[WhiteElo "2209"]
[BlackElo "2416"]
[WhiteClock "00:06:31"]
[BlackClock "00:22:04"]
[WhiteTeam "Thüringen"]
[BlackTeam "Rheinland-Pfalz"]
[PlyCount "82"]
[WhiteFideId "4644034"]
[BlackFideId "24692050"]
[EventCountry "GER"]
[EventRounds "7"]
[EventType "team-swiss"]
[EventDate "2016.09.30"]

1. d4 Nf6 2. c4 g6 3. f3 d5 4. cxd5 Nxd5 5. e4 Nb6 6. Nc3 Bg7 7. Be3 Nc6 8. Bb5
O-O 9. Nge2 Na5 10. b3 e5 11. dxe5 Bxe5 12. O-O a6 13. Bd3 Nc6 14. Rc1 f5 15.
exf5 Bxf5 16. Bxf5 Rxf5 17. f4 Bxc3 18. Nxc3 Nd5 19. Nxd5 Qxd5 20. g4 Qxd1 21.
Rfxd1 Rf7 22. a3 Rd8 23. Rxd8+ Nxd8 24. Kf2 Rd7 25. Ke2 Nc6 26. Rc5 Ne7 27. Re5
Kf7 28. h3 Nc6 29. Rc5 Ne7 30. Re5 Rd5 31. Rxd5 Nxd5 32. Kd3 Ke6 33. Bd2 Nf6
34. Bc3 Nd7 35. Kd4 Nf6 36. Kd3 Nd5 37. Bd2 b6 38. b4 Nf6 39. Bc3 Nd5 40. Bd2
Nf6 41. Bc3 Nd5 1/2-1/2

[Event "Deutsche Ländermeisterschaft 2016"]
[Site "Hannover GER"]
[Date "2016.10.03"]
[Round "5"]
[White "Keymer, Vincent"]
[Black "Nguyen, Huy Dat"]
[Result "1-0"]
[Termination "normal"]
[Board "4.2"]
[WhiteElo "2402"]
[BlackElo "2174"]
[WhiteClock "00:24:14"]
[BlackClock "00:08:05"]
[WhiteTeam "Rheinland-Pfalz"]
[BlackTeam "Thüringen"]
[PlyCount "151"]
[WhiteFideId "12940690"]
[BlackFideId "12923486"]
[EventCountry "GER"]
[EventRounds "7"]
[EventType "team-swiss"]
[EventDate "2016.09.30"]

1. d4 Nf6 2. c4 e6 3. Nf3 b6 4. g3 Ba6 5. Qb3 d5 6. cxd5 exd5 7. Nc3 c6 8. Ne5
Bd6 9. Bf4 O-O 10. Bg2 Bxe5 11. Bxe5 Nbd7 12. Bf4 Re8 13. Qa4 Bb7 14. O-O Nf8
15. Rac1 Ne4 16. Nxe4 dxe4 17. Rfd1 Qd5 18. f3 f5 19. fxe4 fxe4 20. Be3 Nd7 21.
Rf1 Nf6 22. Rf4 Qh5 23. Qc4+ Kh8 24. Rh4 Qg6 25. Bf4 Rad8 26. Rf1 Rd5 27. Be5
c5 28. Rxf6 gxf6 29. Bxe4 Qf7 30. Bxf6+ Qxf6 31. Bxd5 Bxd5 32. Qxd5 Rxe2 33.
Rxh7+ Kxh7 34. Qh5+ Kg7 35. Qxe2 Qxd4+ 36. Kf1 Qf6+ 37. Kg2 Qg5 38. b3 Qd5+ 39.
Kg1 Qg5 40. Qb2+ Kg8 41. Qc3 Qf5 42. Qc4+ Kg7 43. Qc1 Qe5 44. Qd2 Qf5 45. h4
Qg4 46. Qc3+ Kh7 47. Qd3+ Kg7 48. Kg2 Qe6 49. Qf3 Qd7 50. a4 Kg8 51. g4 c4 52.
bxc4 Qxa4 53. Qd5+ Kg7 54. Qd4+ Kg8 55. h5 Qa2+ 56. Kf3 Qa3+ 57. Qe3 Qf8+ 58.
Kg3 Qd6+ 59. Kh3 a5 60. g5 Qd7+ 61. Kh4 Qc6 62. g6 Qxc4+ 63. Kg5 Qd5+ 64. Kh6
Qd7 65. Qb3+ Kh8 66. Qc3+ Kg8 67. Qc4+ Kh8 68. Qf4 Qg7+ 69. Kg5 a4 70. h6 Qe7+
71. Qf6+ Qxf6+ 72. Kxf6 a3 73. Kf7 a2 74. g7+ Kh7 75. g8=Q+ Kxh6 76. Qg6# 1-0

[Event "Deutsche Ländermeisterschaft 2016"]
[Site "Hannover GER"]
[Date "2016.10.03"]
[Round "5"]
[White "Scheftlein, Richard"]
[Black "Muckle, Julius"]
[Result "1/2-1/2"]
[Termination "normal"]
[Board "4.3"]
[WhiteElo "2092"]
[BlackElo "2196"]
[WhiteClock "01:02:35"]
[BlackClock "01:18:04"]
[WhiteTeam "Thüringen"]
[BlackTeam "Rheinland-Pfalz"]
[PlyCount "48"]
[WhiteFideId "12945609"]
[BlackFideId "12942430"]
[EventCountry "GER"]
[EventRounds "7"]
[EventType "team-swiss"]
[EventDate "2016.09.30"]

1. d4 d5 2. c4 c6 3. Nf3 Nf6 4. e3 e6 5. Nbd2 Nbd7 6. Bd3 Bd6 7. O-O e5 8. cxd5
cxd5 9. dxe5 Nxe5 10. Nxe5 Bxe5 11. Nf3 Bd6 12. Bb5+ Bd7 13. Bxd7+ Qxd7 14. b3
Rd8 15. Bb2 Qf5 16. Bxf6 Qxf6 17. Qd4 Qxd4 18. Nxd4 Be5 19. Rac1 Bxd4 20. exd4
Kd7 21. f3 Rc8 22. Kf2 Rhe8 23. Rfd1 b6 24. Rf1 f6 1/2-1/2

[Event "Deutsche Ländermeisterschaft 2016"]
[Site "Hannover GER"]
[Date "2016.10.03"]
[Round "5"]
[White "Karsay, Pascal"]
[Black "Weishäutel, Moritz"]
[Result "1-0"]
[Termination "normal"]
[Board "4.4"]
[WhiteElo "2085"]
[BlackElo "1946"]
[WhiteClock "00:18:38"]
[BlackClock "00:09:00"]
[WhiteTeam "Rheinland-Pfalz"]
[BlackTeam "Thüringen"]
[PlyCount "185"]
[WhiteFideId "12953474"]
[BlackFideId "12967300"]
[EventCountry "GER"]
[EventRounds "7"]
[EventType "team-swiss"]
[EventDate "2016.09.30"]

1. d4 d5 2. c4 e6 3. Nc3 Nf6 4. cxd5 exd5 5. Bg5 Be7 6. e3 Nbd7 7. Nf3 c6 8.
Bd3 O-O 9. Qc2 Re8 10. O-O Nf8 11. Rab1 a5 12. a3 Ng6 13. Bxf6 Bxf6 14. b4 axb4
15. axb4 Be7 16. b5 Bd6 17. bxc6 bxc6 18. Bf5 Bxf5 19. Qxf5 Bc7 20. Rfc1 Qd6
21. g3 Ba5 22. Na4 Bd2 23. Nxd2 Rxa4 24. Rb7 Ne7 25. Qd7 Qxd7 26. Rxd7 f6 27.
Rb1 Kf7 28. Rbb7 Ra6 29. Nb3 Raa8 30. Kg2 Rad8 31. Rdc7 Rc8 32. Na5 Ke6 33. Rd7
Ra8 34. Nb3 Rad8 35. Rdc7 Rc8 36. Nc5+ Kf7 37. Na6 Rxc7 38. Rxc7 Ke6 39. Nc5+
Kf7 40. Kf3 Ra8 41. h4 h6 42. h5 Rb8 43. Nd3 Rc8 44. Ra7 Ke6 45. Nf4+ Kd6 46.
Kg4 f5+ 47. Kf3 Rd8 48. Rb7 Rc8 49. Ng6 Nxg6 50. hxg6 Ke6 51. Rxg7 Kf6 52. Rd7
Kxg6 53. Kf4 c5 54. dxc5 Rxc5 55. Rd6+ Kg7 56. Kxf5 d4+ 57. Ke4 dxe3 58. fxe3
Rc1 59. Rd2 Kg6 60. Kf3 Kg5 61. e4 Rf1+ 62. Rf2 Re1 63. Re2 Rf1+ 64. Kg2 Rf6
65. Kh3 h5 66. e5 Re6 67. Re1 Kg6 68. Kh4 Ra6 69. e6 Ra4+ 70. Kh3 Ra8 71. e7
Re8 72. Kh4 Kh6 73. Re6+ Kg7 74. Kxh5 Kf7 75. Re1 Rh8+ 76. Kg5 Ke8 77. Kf5 Rh2
78. g4 Rf2+ 79. Kg6 Rg2 80. g5 Rh2 81. Kg7 Rd2 82. g6 Rg2 83. Kh7 Rh2+ 84. Kg8
Rg2 85. g7 Rh2 86. Rf1 Kxe7 87. Re1+ Kd7 88. Re4 Rh1 89. Kf7 Rf1+ 90. Kg6 Rg1+
91. Kf6 Rf1+ 92. Kg5 Rg1+ 93. Rg4 1-0

[Event "Deutsche Ländermeisterschaft 2016"]
[Site "Hannover GER"]
[Date "2016.10.03"]
[Round "5"]
[White "Grund, Sebastian"]
[Black "Musiolik, David"]
[Result "0-1"]
[Termination "normal"]
[Board "4.5"]
[WhiteElo "1859"]
[BlackElo "1771"]
[WhiteClock "00:58:16"]
[BlackClock "00:24:11"]
[WhiteTeam "Thüringen"]
[BlackTeam "Rheinland-Pfalz"]
[PlyCount "90"]
[WhiteFideId "12988626"]
[BlackFideId "12972355"]
[EventCountry "GER"]
[EventRounds "7"]
[EventType "team-swiss"]
[EventDate "2016.09.30"]

1. d4 d5 2. Nf3 Nf6 3. c4 e6 4. g3 Bb4+ 5. Bd2 Be7 6. Bg2 c6 7. O-O O-O 8. Qb3
Qb6 9. Nc3 Nbd7 10. Qc2 dxc4 11. e4 e5 12. dxe5 Ng4 13. Bf4 Qa5 14. Ne2 Ngxe5
15. Nxe5 Nxe5 16. Bxe5 Qxe5 17. Rab1 b5 18. f4 Qc5+ 19. Kh1 f6 20. Rbc1 Be6 21.
f5 Bf7 22. Nf4 Rfd8 23. Rf2 Qe5 24. Bf1 Bc5 25. Rg2 Be3 26. Re1 Bxf4 27. gxf4
Qxf4 28. Qe2 Re8 29. Rg4 Qh6 30. Qg2 Re7 31. Rg3 Bd5 32. Re2 Bf7 33. Rh3 Qf4
34. Rf3 Qe5 35. Qg4 h5 36. Qh4 Rd8 37. Qe1 Red7 38. Ra3 Qc5 39. Rf3 Rd1 40. Qa5
h4 41. Re1 Bh5 42. Rf4 Qe5 43. Rf2 Qd4 44. Rc2 Bf3+ 45. Bg2 Qxe4 0-1

[Event "Deutsche Ländermeisterschaft 2016"]
[Site "Hannover GER"]
[Date "2016.10.03"]
[Round "5"]
[White "Morio, Estelle"]
[Black "Nguyen, Ha Thanh"]
[Result "1-0"]
[Termination "normal"]
[Board "4.6"]
[WhiteElo "1820"]
[BlackElo "1732"]
[WhiteClock "00:22:31"]
[BlackClock "00:06:46"]
[WhiteTeam "Rheinland-Pfalz"]
[BlackTeam "Thüringen"]
[PlyCount "49"]
[WhiteFideId "12951951"]
[BlackFideId "12942154"]
[EventCountry "GER"]
[EventRounds "7"]
[EventType "team-swiss"]
[EventDate "2016.09.30"]

1. f4 f5 2. Nf3 Nf6 3. e3 g6 4. g3 Bg7 5. Bg2 d6 6. d3 O-O 7. O-O Qe8 8. Nc3 e5
9. Re1 c6 10. e4 Nfd7 11. d4 Qf7 12. exf5 Qxf5 13. Ne4 Qe6 14. c3 h6 15. fxe5
dxe5 16. dxe5 Nxe5 17. Nxe5 Qxe5 18. Nd6 Qc5+ 19. Be3 Qa5 20. Qb3+ Kh8 21. Nxc8
Rxc8 22. Qxb7 Na6 23. Qf7 g5 24. Qg6 Qc7 25. Be4 1-0

[Event "Deutsche Ländermeisterschaft 2016"]
[Site "Hannover GER"]
[Date "2016.10.03"]
[Round "5"]
[White "Schulz, Theresa Charlotte"]
[Black "Reitz, Theresa"]
[Result "1-0"]
[Termination "normal"]
[Board "4.7"]
[WhiteElo "1604"]
[BlackElo "1815"]
[WhiteClock "00:01:24"]
[BlackClock "00:00:50"]
[WhiteTeam "Thüringen"]
[BlackTeam "Rheinland-Pfalz"]
[PlyCount "79"]
[WhiteFideId "12952206"]
[BlackFideId "12971901"]
[EventCountry "GER"]
[EventRounds "7"]
[EventType "team-swiss"]
[EventDate "2016.09.30"]

1. d4 Nf6 2. Bg5 g6 3. Bxf6 exf6 4. e4 Bg7 5. c3 O-O 6. Bd3 Re8 7. Ne2 b6 8.
O-O Bb7 9. Ng3 d5 10. Re1 Nd7 11. Na3 c5 12. exd5 Rxe1+ 13. Qxe1 cxd4 14. c4
Nc5 15. Rd1 f5 16. Bc2 a6 17. b3 Rc8 18. Ne2 Qe7 19. Qf1 Nxb3 20. axb3 Qxa3 21.
Nxd4 Qb2 22. Nxf5 Qxc2 23. Ne7+ Kf8 24. Nxc8 Bxc8 25. Qd3 Bf5 26. Qxc2 Bxc2 27.
Re1 Bxb3 28. Rb1 Bxc4 29. Rxb6 Be5 30. h4 a5 31. Rc6 Bb3 32. d6 Be6 33. Rc5
Bxd6 34. Rxa5 Be7 35. g3 Kg7 36. Kg2 Bf6 37. Kf3 Bc3 38. Rc5 Bd4 39. Ra5 Kh6
40. g4 1-0

[Event "Deutsche Ländermeisterschaft 2016"]
[Site "Hannover GER"]
[Date "2016.10.03"]
[Round "5"]
[White "Bohrer, Katharina"]
[Black "Reuter, Elisa"]
[Result "0-1"]
[Termination "normal"]
[Board "4.8"]
[WhiteElo "1110"]
[BlackElo "1652"]
[WhiteClock "00:18:59"]
[BlackClock "00:18:03"]
[WhiteTeam "Rheinland-Pfalz"]
[BlackTeam "Thüringen"]
[PlyCount "156"]
[WhiteFideId "16225457"]
[BlackFideId "12995444"]
[EventCountry "GER"]
[EventRounds "7"]
[EventType "team-swiss"]
[EventDate "2016.09.30"]

1. d4 f5 2. Nf3 Nf6 3. Bg5 Ne4 4. Bf4 g6 5. Be5 Nf6 6. Bxf6 exf6 7. e3 Bg7 8.
g3 O-O 9. Bg2 d6 10. O-O Nc6 11. c4 Qe7 12. Nc3 Rd8 13. Re1 Qf7 14. Qe2 h6 15.
Rac1 Kh7 16. a3 a6 17. Qd3 Ne7 18. Nd5 Nxd5 19. cxd5 b6 20. Qc3 Rd7 21. Qc4 Bb7
22. Rc2 Kh8 23. Nh4 Rb8 24. e4 fxe4 25. Bxe4 f5 26. Bg2 g5 27. Nf3 b5 28. Qd3
Bxd5 29. Qd2 Be4 30. Rcc1 Qd5 31. Qc3 Bxf3 32. Bxf3 Qxd4 33. Qc6 Rdd8 34. Qxa6
c5 35. Rcd1 Qf6 36. Qa7 Qf8 37. Re7 Qf6 38. Rf7 Qe5 39. Rd5 Qxb2 40. Rd2 Qe5
41. Re2 Qa1+ 42. Kg2 Rf8 43. Bh5 Rxf7 44. Qxb8+ Rf8 45. Re8 Qf6 46. Qxb5 Rxe8
47. Qxe8+ Qf8 48. Qd7 c4 49. Bg6 f4 50. Qc6 fxg3 51. hxg3 c3 52. a4 Bd4 53. Kh3
Kg7 54. Bh5 Qf5+ 55. Bg4 Qxf2 56. Qd7+ Qf7 57. Qf5 Qxf5 58. Bxf5 Kf6 59. Be4 h5
60. a5 d5 61. Bd3 Ke5 62. Kg2 Ba7 63. Kf3 Kd4 64. Bc2 h4 65. gxh4 gxh4 66. Kg4
Ke3 67. Kxh4 d4 68. Kg3 d3 69. Bb3 c2 70. Bxc2 dxc2 71. a6 c1=Q 72. Kg4 Qf1 73.
Kg5 Qf4+ 74. Kg6 Ke4 75. Kg7 Qf5 76. Kg8 Qd7 77. Kf8 Kf5 78. Kg8 Kg6 0-1

[Event "Deutsche Ländermeisterschaft 2016"]
[Site "Hannover GER"]
[Date "2016.10.03"]
[Round "5"]
[White "Schmidek, Emil"]
[Black "Walter, Kevin"]
[Result "1-0"]
[Termination "normal"]
[Board "5.1"]
[WhiteElo "2247"]
[BlackElo "2194"]
[WhiteClock "00:17:35"]
[BlackClock "00:36:21"]
[WhiteTeam "Berlin"]
[BlackTeam "Württemberg"]
[PlyCount "43"]
[WhiteFideId "12908150"]
[BlackFideId "12906654"]
[EventCountry "GER"]
[EventRounds "7"]
[EventType "team-swiss"]
[EventDate "2016.09.30"]

1. e4 c5 2. Nf3 e6 3. d4 cxd4 4. Nxd4 a6 5. Bd3 Qc7 6. O-O Nf6 7. Nc3 d6 8. Qe2
Nbd7 9. Kh1 b5 10. Bd2 Be7 11. f4 Bb7 12. b4 O-O 13. a4 bxa4 14. Rxa4 Nb6 15.
Ra2 d5 16. e5 Nfd7 17. Rf3 g6 18. Rh3 Bxb4 19. Rxh7 Kxh7 20. Nxe6 Qc6 21. Qh5+
Kg8 22. Bxg6 1-0

[Event "Deutsche Ländermeisterschaft 2016"]
[Site "Hannover GER"]
[Date "2016.10.03"]
[Round "5"]
[White "Hesse, Henrik"]
[Black "Degenhard, Simon"]
[Result "0-1"]
[Termination "normal"]
[Board "5.3"]
[WhiteElo "1975"]
[BlackElo "2042"]
[WhiteClock "00:00:38"]
[BlackClock "00:45:30"]
[WhiteTeam "Berlin"]
[BlackTeam "Württemberg"]
[PlyCount "62"]
[WhiteFideId "12952060"]
[BlackFideId "12944017"]
[EventCountry "GER"]
[EventRounds "7"]
[EventType "team-swiss"]
[EventDate "2016.09.30"]

1. c4 e6 2. g3 d5 3. Bg2 c5 4. Nf3 Nc6 5. O-O Nf6 6. cxd5 exd5 7. d4 Be7 8. Nc3
O-O 9. a3 c4 10. Bf4 Be6 11. Qc2 Rc8 12. Rad1 Qb6 13. Na4 Qa5 14. Ng5 Bd7 15.
Nc3 h6 16. Nf3 Rfd8 17. Ne5 Be6 18. Qd2 Qb6 19. Nxc6 Qxc6 20. Rfe1 Bf8 21. e4
dxe4 22. Nxe4 Nxe4 23. Bxe4 Bd5 24. Bxd5 Rxd5 25. Qc3 Rcd8 26. Rd2 a5 27. Rc1
b5 28. b3 Bxa3 29. bxc4 Bxc1 30. Rc2 Rxd4 31. Rxc1 Rd1+ 0-1

[Event "Deutsche Ländermeisterschaft 2016"]
[Site "Hannover GER"]
[Date "2016.10.03"]
[Round "5"]
[White "Leser, Katrin"]
[Black "Rosenhain, Rachela"]
[Result "1-0"]
[Termination "normal"]
[Board "5.4"]
[WhiteElo "2056"]
[BlackElo "1843"]
[WhiteClock "00:10:30"]
[BlackClock "00:28:56"]
[WhiteTeam "Württemberg"]
[BlackTeam "Berlin"]
[PlyCount "65"]
[WhiteFideId "12997692"]
[BlackFideId "12957615"]
[EventCountry "GER"]
[EventRounds "7"]
[EventType "team-swiss"]
[EventDate "2016.09.30"]

1. e4 e5 2. Nf3 Nc6 3. d4 exd4 4. Nxd4 Nf6 5. Nxc6 bxc6 6. e5 Qe7 7. Qe2 Nd5 8.
c4 Ba6 9. b3 g6 10. g3 Bg7 11. Bb2 O-O 12. Bg2 Rfe8 13. O-O Nb6 14. Re1 Rab8
15. Qd2 c5 16. Nc3 Bxc4 17. Ne4 Be6 18. Nf6+ Bxf6 19. exf6 Qf8 20. h4 c4 21.
Qg5 cxb3 22. axb3 Bxb3 23. h5 Rxe1+ 24. Rxe1 Be6 25. hxg6 hxg6 26. Be4 Kh7 27.
Kg2 Bh3+ 28. Kxh3 Qh6+ 29. Qxh6+ Kxh6 30. Kg4 Kh7 31. Rh1+ Kg8 32. Bc1 d5 33.
Bh6 1-0

[Event "Deutsche Ländermeisterschaft 2016"]
[Site "Hannover GER"]
[Date "2016.10.03"]
[Round "5"]
[White "Denkert, Anna"]
[Black "Gaßmann, Linda"]
[Result "1-0"]
[Termination "normal"]
[Board "5.5"]
[WhiteElo "1765"]
[BlackElo "1899"]
[WhiteClock "00:39:47"]
[BlackClock "00:00:40"]
[WhiteTeam "Berlin"]
[BlackTeam "Württemberg"]
[PlyCount "93"]
[WhiteFideId "12938122"]
[BlackFideId "12900451"]
[EventCountry "GER"]
[EventRounds "7"]
[EventType "team-swiss"]
[EventDate "2016.09.30"]

1. e4 e5 2. Nf3 Nf6 3. Nc3 Nc6 4. Bc4 Bc5 5. d3 h6 6. O-O d6 7. h3 Be6 8. Bb3
Qd7 9. Ne2 O-O-O 10. c3 Bb6 11. Ba4 Qe7 12. Bxc6 bxc6 13. a4 a6 14. b4 g5 15.
Nd2 Rdg8 16. b5 g4 17. h4 g3 18. d4 gxf2+ 19. Rxf2 Ng4 20. Rf3 Qxh4 21. Nf1 Nf6
22. a5 Bh3 23. Neg3 Nxe4 24. axb6 Nxg3 25. b7+ Kxb7 26. bxc6+ Kc8 27. Rxa6 Kd8
28. Rxf7 Bc8 29. Nxg3 Bxa6 30. Qb3 Qg4 31. Qb8+ Qc8 32. Rd7+ Ke8 33. Qb3 Qxd7
34. cxd7+ Kxd7 35. Qa4+ Ke6 36. Qxa6 Rxg3 37. Qc4+ Kd7 38. dxe5 Rhg8 39. Qd5
Rxg2+ 40. Qxg2 Rxg2+ 41. Kxg2 dxe5 42. Bxh6 Ke6 43. Kf3 Kd5 44. Bg7 c6 45. Ke3
c5 46. Bh8 c4 47. Bg7 1-0

[Event "Deutsche Ländermeisterschaft 2016"]
[Site "Hannover GER"]
[Date "2016.10.03"]
[Round "5"]
[White "Brunner, Jan"]
[Black "Tham, Nam"]
[Result "1-0"]
[Termination "normal"]
[Board "5.6"]
[WhiteElo "1953"]
[BlackElo "1650"]
[WhiteClock "01:05:33"]
[BlackClock "01:06:38"]
[WhiteTeam "Württemberg"]
[BlackTeam "Berlin"]
[PlyCount "89"]
[WhiteFideId "12981010"]
[BlackFideId "12997331"]
[EventCountry "GER"]
[EventRounds "7"]
[EventType "team-swiss"]
[EventDate "2016.09.30"]

1. d4 Nf6 2. c4 e6 3. g3 Bb4+ 4. Bd2 Qe7 5. Bg2 O-O 6. a3 Bxd2+ 7. Nxd2 Nc6 8.
Ngf3 d6 9. O-O Re8 10. Re1 a5 11. b3 e5 12. d5 Nb8 13. e4 h6 14. b4 Nbd7 15.
Qc2 b6 16. Rec1 a4 17. Nb1 Rf8 18. Nh4 g6 19. Nc3 Nb8 20. Nxa4 Bd7 21. Nc3 c6
22. Rd1 c5 23. bxc5 bxc5 24. Rdb1 Bc8 25. Rb3 Ba6 26. Nd1 Nbd7 27. Rab1 Kg7 28.
Ne3 Rfe8 29. Nef5+ gxf5 30. Nxf5+ Kf8 31. Qc1 Ng8 32. Nxe7 Kxe7 33. Bh3 Ngf6
34. Bf5 h5 35. Qg5 Rg8 36. Qh4 Ke8 37. Rc3 Rh8 38. g4 Rg8 39. g5 Kd8 40. Kh1
Ne8 41. g6+ f6 42. Bxd7 Kxd7 43. Qh3+ Kd8 44. Rcb3 Ng7 45. Rb8+ 1-0

[Event "Deutsche Ländermeisterschaft 2016"]
[Site "Hannover GER"]
[Date "2016.10.03"]
[Round "5"]
[White "Schnabel, Luise"]
[Black "Kölle, Tobias"]
[Result "1/2-1/2"]
[Termination "normal"]
[Board "5.7"]
[WhiteElo "1615"]
[BlackElo "1822"]
[WhiteClock "00:31:24"]
[BlackClock "00:26:02"]
[WhiteTeam "Berlin"]
[BlackTeam "Württemberg"]
[PlyCount "44"]
[WhiteFideId "12943347"]
[BlackFideId "16207378"]
[EventCountry "GER"]
[EventRounds "7"]
[EventType "team-swiss"]
[EventDate "2016.09.30"]

1. e4 e5 2. Nf3 Nc6 3. Bb5 a6 4. Bxc6 dxc6 5. O-O Bg4 6. h3 h5 7. d3 Qf6 8.
Nbd2 Ne7 9. Nc4 Bxf3 10. Qxf3 Qxf3 11. gxf3 Ng6 12. Rd1 O-O-O 13. Kf1 Be7 14.
Ke2 Bf6 15. c3 b6 16. Rg1 Rd7 17. Be3 Rhd8 18. Rad1 Kb7 19. Na3 c5 20. Nc2 c6
21. Rd2 h4 22. Rdd1 Kc7 1/2-1/2

[Event "Deutsche Ländermeisterschaft 2016"]
[Site "Hannover GER"]
[Date "2016.10.03"]
[Round "5"]
[White "Liu, Sijia Anna"]
[Black "Tham, Minh"]
[Result "0-1"]
[Termination "normal"]
[Board "5.8"]
[WhiteElo "1445"]
[BlackElo "1681"]
[WhiteClock "00:30:30"]
[BlackClock "00:13:53"]
[WhiteTeam "Württemberg"]
[BlackTeam "Berlin"]
[PlyCount "79"]
[WhiteFideId "12989746"]
[BlackFideId "12997323"]
[EventCountry "GER"]
[EventRounds "7"]
[EventType "team-swiss"]
[EventDate "2016.09.30"]

1. e4 e5 2. Nf3 Nc6 3. Bc4 Bc5 4. c3 Nf6 5. d4 exd4 6. cxd4 Bb4+ 7. Nc3 Nxe4 8.
O-O Bxc3 9. d5 Bf6 10. Re1 Ne7 11. Rxe4 d6 12. g4 h6 13. h4 g6 14. g5 hxg5 15.
hxg5 Bg7 16. Qe2 Bf5 17. Re3 Bg4 18. Bd2 Bxf3 19. Qxf3 O-O 20. Bc3 Nf5 21. Re4
Bxc3 22. bxc3 Qxg5+ 23. Rg4 Qf6 24. Bd3 Kh7 25. Rf4 Rg8 26. Kh2 Qe5 27. Rh1 Nh6
28. Kg2 Kg7 29. Qg3 g5 30. Qh3 Rh8 31. Rd4 Rae8 32. Qd7 Re7 33. Qh3 c5 34. dxc6
bxc6 35. Rc4 Qd5+ 36. Qf3 Qxf3+ 37. Kxf3 g4+ 38. Kf4 c5 39. Rd1 Rd8 40. Bf5 0-1

[Event "Deutsche Ländermeisterschaft 2016"]
[Site "Hannover GER"]
[Date "2016.10.03"]
[Round "5"]
[White "Pfreundt, Jakob"]
[Black "Vöge, Tobias"]
[Result "1/2-1/2"]
[Termination "normal"]
[Board "6.1"]
[BlackTitle "FM"]
[WhiteElo "2269"]
[BlackElo "2289"]
[WhiteTeam "Hamburg"]
[BlackTeam "Niedersachsen 1"]
[PlyCount "154"]
[WhiteFideId "12918156"]
[BlackFideId "1270513"]
[EventCountry "GER"]
[EventRounds "7"]
[EventType "team-swiss"]
[EventDate "2016.09.30"]

1. e4 c5 2. Nf3 Nc6 3. d4 cxd4 4. Nxd4 Nf6 5. Nc3 g6 6. Nxc6 bxc6 7. e5 Ng8 8.
Bc4 Bg7 9. Qf3 f5 10. Bf4 e6 11. h4 Qc7 12. O-O-O Rb8 13. h5 Rb4 14. Qe2 Ba6
15. Bxa6 Rxf4 16. hxg6 hxg6 17. Rxh8 Bxh8 18. g3 Rb4 19. f4 Bg7 20. a3 Rb8 21.
Qd3 Nh6 22. Na4 Bf8 23. Qd2 Rd8 24. Qc3 Rb8 25. Qd2 Rd8 26. Qc3 Rb8 27. Be2 Kf7
28. Qd3 Rd8 29. Qc3 Be7 30. Rh1 Rh8 31. Qd4 Kg7 32. Rd1 Rd8 33. Bf3 Nf7 34. g4
fxg4 35. Bxg4 Nh6 36. Bh3 Kf7 37. Nc3 Nf5 38. Qd3 d6 39. exd6 Rxd6 40. Qe4
Rxd1+ 41. Kxd1 Bf6 42. Bxf5 gxf5 43. Qf3 Qd6+ 44. Ke2 Bxc3 45. bxc3 Ke7 46. a4
Kd7 47. Qe3 c5 48. c4 Kc7 49. a5 Qc6 50. Kd2 Kb7 51. Kc1 Ka6 52. Qa3 Qc7 53.
Qe3 Qd6 54. Qf3 Kxa5 55. Kb1 Kb6 56. Ka2 Kc7 57. Qa3 Kb7 58. Qb3+ Qb6 59. Qf3+
Qc6 60. Qb3+ Kc7 61. Qa3 a6 62. Qa5+ Qb6 63. Qc3 Qd6 64. Qg7+ Kb6 65. Qg8 Kc7
66. Qg7+ Kd8 67. Qf6+ Kc8 68. Qh8+ Qd8 69. Qe5 Qa5+ 70. Kb2 Qb4+ 71. Kc1 Qxc4
72. Qd6 a5 73. Qc6+ Kd8 74. Qd6+ Ke8 75. Qc6+ Ke7 76. Qc7+ Kf6 77. Qd8+ Kf7
1/2-1/2

[Event "Deutsche Ländermeisterschaft 2016"]
[Site "Hannover GER"]
[Date "2016.10.03"]
[Round "5"]
[White "Polster, Christian"]
[Black "Ravina, David"]
[Result "0-1"]
[Termination "normal"]
[Board "6.2"]
[WhiteElo "2309"]
[BlackElo "2163"]
[WhiteTeam "Niedersachsen 1"]
[BlackTeam "Hamburg"]
[PlyCount "126"]
[WhiteFideId "12965081"]
[BlackFideId "12921858"]
[EventCountry "GER"]
[EventRounds "7"]
[EventType "team-swiss"]
[EventDate "2016.09.30"]

1. e4 c5 2. Nf3 Nc6 3. d4 cxd4 4. Nxd4 e5 5. Nb5 a6 6. Nd6+ Bxd6 7. Qxd6 Qf6 8.
Qd1 Qg6 9. Nc3 Nge7 10. Be3 d5 11. exd5 Nb4 12. Bd3 Nxd3+ 13. Qxd3 Qxd3 14.
cxd3 Bf5 15. f4 Rd8 16. fxe5 Nxd5 17. Nxd5 Rxd5 18. d4 Kd7 19. O-O Be6 20. Rac1
Rc8 21. Rxc8 Kxc8 22. Rc1+ Kd7 23. Kf2 Ke8 24. Rd1 Rd7 25. b3 Bd5 26. Rc1 Bc6
27. Kg3 Ke7 28. Kf4 Ke6 29. g4 f6 30. exf6 Rf7 31. Kg3 Rxf6 32. Bf4 Kd5 33. Be5
Rf7 34. Re1 Bb5 35. h4 g6 36. h5 Rf1 37. Re3 Rg1+ 38. Kf2 Rxg4 39. h6 Bd7 40.
Rf3 Bf5 41. Rc3 Rh4 42. Bg7 Rh2+ 43. Ke3 Rh3+ 44. Kd2 Rxc3 45. Kxc3 g5 46. Be5
g4 47. Kd2 Ke4 48. Ke2 Be6 49. Kf2 Kd3 50. Kg3 Kc2 51. Bc7 Kb2 52. a4 a5 53.
Bxa5 Kxb3 54. Be1 Kxa4 55. Kf4 b5 56. Ke5 Bc8 57. Kf6 b4 58. Kg7 Bf5 59. Bxb4
Kxb4 60. d5 g3 61. d6 g2 62. d7 Bxd7 63. Kh8 g1=Q 0-1

[Event "Deutsche Ländermeisterschaft 2016"]
[Site "Hannover GER"]
[Date "2016.10.03"]
[Round "5"]
[White "Rogozenco, Teodora"]
[Black "Reuker, Jari"]
[Result "0-1"]
[Termination "normal"]
[Board "6.3"]
[WhiteTitle "WFM"]
[WhiteElo "2027"]
[BlackElo "2179"]
[WhiteTeam "Hamburg"]
[BlackTeam "Niedersachsen 1"]
[PlyCount "66"]
[WhiteFideId "12938084"]
[BlackFideId "12909300"]
[EventCountry "GER"]
[EventRounds "7"]
[EventType "team-swiss"]
[EventDate "2016.09.30"]

1. d4 Nf6 2. c4 e6 3. Nc3 Bb4 4. Qc2 Nc6 5. Nf3 d6 6. Bg5 h6 7. Bh4 g5 8. Bg3
g4 9. d5 exd5 10. cxd5 Nxd5 11. Nd2 Bxc3 12. bxc3 Qf6 13. Rc1 Bd7 14. e4 Nb6
15. c4 O-O-O 16. Qc3 Qxc3 17. Rxc3 f5 18. Bd3 Na4 19. Ra3 Nc5 20. O-O Rde8 21.
Bb1 fxe4 22. Re1 Bf5 23. Rae3 Kd7 24. Nxe4 Bxe4 25. Bxe4 Nxe4 26. Rxe4 Rxe4 27.
Rxe4 Re8 28. Rxe8 Kxe8 29. Kf1 Ke7 30. Ke2 Ke6 31. Kd2 Kf5 32. Kc3 Ke4 33. a3
Nd4 0-1